header

Practising development (Record no. 155320)

MARC details
000 -LEADER
fixed length control field 01331nam a2200349Ia 4500
082 04 - DEWEY DECIMAL CLASSIFICATION NUMBER
Classification number 307.1/4
245 00 - TITLE STATEMENT
Title Practising development
260 ## - PUBLICATION, DISTRIBUTION, ETC. (IMPRINT)
Place of publication London ;
-- New York :
Name of publisher Routledge,
Year of publication 1993.
300 ## - PHYSICAL DESCRIPTION
Number of Pages ix, 222 p.
650 #0 - SUBJECT ADDED ENTRY--TOPICAL TERM
Topical Term Applied anthropology.
Topical Term Social sciences
Topical Term Community development
Topical Term Economic development projects
700 1# - ADDED ENTRY--PERSONAL NAME
Personal name Pottier, Johan.
856 40 - ELECTRONIC LOCATION AND ACCESS
Uniform Resource Identifier http://site.ebrary.com/lib/rucke/Doc?id=10060629

No items available.

© 2026 Rongo University
Contact us: librarian | system librarian | Rongo university